000 00572cam a2200205 4500
001 B2324
008 090401t1989 xxu||||| |||| 00| 0 eng d
035 _a(Sirsi) u49329
041 _aeng
050 _a711.552
110 _aHillier Parker May and Rowden
_92042
245 _aOut-of-town regional shopping centres in the pipeline (map). - April 1989
260 _aLondon
_bHillier Parker May and Rowden
_c1989
300 _a1 sheet : ill.,map ; 30cm.
350 _a7.7
650 _aMAPS
650 _aOUT-OF-TOWN DEVELOPMENT
942 _n0
948 _c04/03/1997
999 _c92549
_d92549